|
|
|
|
| LEADER |
00000nam0a2200000 4500 |
| 001 |
93896 |
| 005 |
20231031105429.0 |
| 035 |
|
|
|a (RuTPU)RU\TPU\book\100586
|
| 090 |
|
|
|a 93896
|
| 100 |
|
|
|a 20060404d1973 m y0rusy50 ca
|
| 101 |
0 |
|
|a rus
|
| 102 |
|
|
|a RU
|
| 105 |
|
|
|a a z 001zy
|
| 200 |
1 |
|
|a Капитальное строительство в нефтяной промышленности
|f Г. Д. Соколов
|
| 210 |
|
|
|a Москва
|c Недра
|d 1973
|
| 215 |
|
|
|a 264 с.
|c черт.
|
| 320 |
|
|
|a Библиогр.: с. 262.
|
| 610 |
1 |
|
|a нефтяная промышленность
|
| 610 |
1 |
|
|a капитальное строительство
|
| 610 |
1 |
|
|a развитие
|
| 610 |
1 |
|
|a капитальные вложения
|
| 610 |
1 |
|
|a планирование
|
| 610 |
1 |
|
|a проектирование
|
| 610 |
1 |
|
|a управление
|
| 675 |
|
|
|a 622.323
|v 3
|
| 700 |
|
1 |
|a Соколов
|b Г. Д.
|g Георгий Давыдович
|
| 801 |
|
1 |
|a RU
|b 63413507
|c 20060404
|g PSBO
|
| 801 |
|
2 |
|a RU
|b 63413507
|c 20061020
|g PSBO
|
| 942 |
|
|
|c BK
|